|
|
|
|
| LEADER |
01600nam a22004094a 4500 |
| 001 |
EBC1679544 |
| 003 |
MiAaPQ |
| 005 |
20200520144314.0 |
| 006 |
m o d | |
| 007 |
cr cn||||||||| |
| 008 |
060504s2006 njuab sb 001 0 eng |
| 010 |
|
|
|z 2006046469
|
| 020 |
|
|
|z 9812568190
|
| 020 |
|
|
|z 9789812568199
|
| 035 |
|
|
|a (MiAaPQ)EBC1679544
|
| 035 |
|
|
|a (Au-PeEL)EBL1679544
|
| 035 |
|
|
|a (CaPaEBR)ebr10201406
|
| 035 |
|
|
|a (CaONFJC)MIL192479
|
| 035 |
|
|
|a (OCoLC)879023738
|
| 040 |
|
|
|a MiAaPQ
|c MiAaPQ
|d MiAaPQ
|
| 043 |
|
|
|a a-cc---
|a a-cc-sm
|
| 050 |
|
4 |
|a HD1698.C5
|b L44 2006
|
| 082 |
0 |
4 |
|a 363.6/10951132
|2 22
|
| 100 |
1 |
|
|a Lee, Seungho.
|
| 245 |
1 |
0 |
|a Water and development in China
|h [electronic resource] :
|b the political economy of Shanghai water policy /
|c Seungho Lee.
|
| 246 |
3 |
0 |
|a Political economy of Shanghai water policy
|
| 260 |
|
|
|a Hackensack, N.J. :
|b World Scientific,
|c c2006.
|
| 300 |
|
|
|a xxxiii, 295 p. :
|b ill., maps.
|
| 490 |
1 |
|
|a Series on contemporary China ;
|v v. 6
|
| 504 |
|
|
|a Includes bibliographical references and index.
|
| 533 |
|
|
|a Electronic reproduction. Ann Arbor, MI : ProQuest, 2015. Available via World Wide Web. Access may be limited to ProQuest affiliated libraries.
|
| 650 |
|
0 |
|a Water resources development
|x Government policy
|z China.
|
| 650 |
|
0 |
|a Water resources development
|x Government policy
|z China
|z Shanghai.
|
| 655 |
|
4 |
|a Electronic books.
|
| 710 |
2 |
|
|a ProQuest (Firm)
|
| 830 |
|
0 |
|a Series on contemporary China ;
|v v. 6.
|
| 856 |
4 |
0 |
|u https://ebookcentral.proquest.com/lib/matrademy/detail.action?docID=1679544
|z Click to View
|